| 000 | 00380nam a2200109Ia 4500 | ||
|---|---|---|---|
| 008 | 160909s9999 xx 000 0 und d | ||
| 100 | _aSmith, Patricia Lynn | ||
| 245 | _aOrganizational experiences with rapid response teams | ||
| 260 |
_bUniversity of Arkansas for Medical Sciences. _c2016 |
||
| 650 | _aNursing | ||
| 856 | _uhttp://pqdtopen.proquest.com/doc/1807409627.html?FMT=ABS | ||
| 999 |
_c303899 _d303899 |
||